| 000 | 01245nam a2200337Ia 4500 | ||
|---|---|---|---|
| 001 | ebr10057185 | ||
| 003 | CaPaEBR | ||
| 006 | m u | ||
| 007 | cr cn||||||||| | ||
| 008 | 960314s1996 enk sb 001 0 eng d | ||
| 010 | _z 96007567 | ||
| 020 | _z020343675X | ||
| 020 | _z0415136121 (hbk) | ||
| 020 | _z041513613X (pbk) | ||
| 040 |
_aCaPaEBR _cCaPaEBR |
||
| 035 | _a(OCoLC)560363662 | ||
| 050 | 1 | 4 |
_aGN31.2 _b.P66 1996eb |
| 082 | 0 | 4 |
_a301 _220 |
| 245 | 0 | 0 |
_aPopularizing anthropology _h[electronic resource] / _cedited by Jeremy MacClancy and Chris McDonaugh. |
| 260 |
_aLondon ; _aNew York : _bRoutledge, _c1996. |
||
| 300 | _aviii, 253 p. | ||
| 504 | _aIncludes bibliographical references and index. | ||
| 533 |
_aElectronic reproduction. _bPalo Alto, Calif. : _cebrary, _d2009. _nAvailable via World Wide Web. _nAccess may be limited to ebrary affiliated libraries. |
||
| 650 | 0 |
_aAnthropology _vPopular works. |
|
| 650 | 0 | _aHuman beings. | |
| 655 | 7 |
_aElectronic books. _2local |
|
| 700 | 1 | _aMacClancy, Jeremy. | |
| 700 | 1 |
_aMcDonaugh, Chris, _d1953- |
|
| 710 | 2 | _aebrary, Inc. | |
| 856 | 4 | 0 |
_uhttp://site.ebrary.com/lib/rucke/Doc?id=10057185 _zAn electronic book accessible through the World Wide Web; click to view |
| 999 |
_c70641 _d70641 |
||